00539cam a2200181 a 450000100100000000500170001000800410002704000250006804100130009308200140010610000310012024500700015126000470022130000300026865000210029865000120031970000260033100000255020200929150218.0720601s1963 nyuac 000 0 eng d aDO-SdBNPbspacBNPHu17aspabeng axxbH798w1 aHopper, Hedda,d1890-1966.14aThe whole truth and nothing but /cHedda Hopper and James Brough. aGarden City, New York :bDoubleday,c1963. a331 p. :bilus. ;c22 cm. 0aMotion pictures. 0aActors.1 aBrough, James,d1918-